Grand Est français par région - Statistiques

Statistiques générales
  • Ce quiz a été pris 86 fois
  • Le résultat moyen est 17 sur 25
Statistiques - réponses
Ville Population % Correct
Strasbourg
99%
Metz
94%
Nancy
94%
Reims
91%
Colmar
89%
Mulhouse
88%
Dijon
85%
Troyes
80%
Châlons-en-Champagne
79%
Charleville-Mézières
78%
Belfort
73%
Besançon 14
73%
Auxerre
65%
Épinal
64%
Thionville
60%
Mâcon
58%
Montbéliard
57%
Haguenau
53%
Dole
49%
Nevers
49%
Chalon-sur-Sâone
43%
Saint-Dizier
41%
Schiltigheim
38%
Vandœuvre-lès-Nancy
38%
Pontarlier
33%
Aucun quiz correspondant
Distribution des résultats
% des personnes avec chaque résultat
Percentile par nombre de réponses
Votre historique - résultats
Vous n’avez pas pris ce quiz